Un ladrón entre nosotros /
Un suceso extraordinario ha roto la rutina de la escuela: una serie de robos ha tenido lugar en el salón de cuarto A. La maestra, estupefacta, no logra concebir que realmente pueda haber un ladrón entre los alumnos. En este prodigioso y divertido relato que habla con las voces de los niños, protagon...
Guardado en:
| Autor Principal: | |
|---|---|
| Otros Autores: | |
| Formato: | Libro |
| Publicado: |
Buenos Aires :
Norma,
2014.
|
| Series: | Torre de Papel. Azul +9 años
|
| Materias: | |
| Etiquetas: |
Agregar Etiqueta
Sin Etiquetas, Sea el primero en etiquetar este registro!
|
| LEADER | 01123nam a22002415a 4500 | ||
|---|---|---|---|
| 001 | CEM.cems019940 | ||
| 008 | 230327s2014####ag############000#0#####d | ||
| 005 | 20230327160954.0 | ||
| 245 | 1 | 0 | |a Un ladrón entre nosotros / |c Claudia Piñeiro; ilustrado por Francisco Villa. |
| 260 | |a Buenos Aires : |b Norma, |c 2014. | ||
| 300 | |a 96 p. | ||
| 490 | 0 | |a Torre de Papel. Azul +9 años | |
| 520 | |a Un suceso extraordinario ha roto la rutina de la escuela: una serie de robos ha tenido lugar en el salón de cuarto A. La maestra, estupefacta, no logra concebir que realmente pueda haber un ladrón entre los alumnos. En este prodigioso y divertido relato que habla con las voces de los niños, protagonistas y lectores podrán jugar a los investigadores privados para resolver extraños misterios. | ||
| 020 | |a 9580483906 | ||
| 100 | 1 | |a Piñeiro, Claudia. | |
| 700 | 1 | |a Villa, Francisco; il. | |
| 082 | 0 | 4 | |a A863.4 |
| 653 | |a Literatura | ||
| 653 | |a Literatura Argentina | ||
| 653 | |a Novelas | ||
| 653 | |a Novelas infantiles | ||
| 653 | |a Literatura Infantil | ||
| 859 | |a CEMS |b BIB. CEMS - Inicial y Primaria |h A863.4 |i P596 |k IP |p 5025 |t Ej.1 | ||
